FIFA 22 TOTY Honourable mentions - Statistics

General Stats
  • This quiz has been taken 166 times
    157 since last reset
  • The average score is 15 of 17
Answer Stats
Club Position Rating Answer % Correct
Liverpool RW 94 Mohamed Salah
100%
Real Madrid CF 92 Karim Benzema
99%
Man United CAM 92 Bruno Fernandes
94%
Borussia Dortmund ST 92 Erling Haaland
94%
Chelsea GK 89 Edouard Mendy
93%
Man City RB 87 Kyle Walker
93%
Chelsea CB 90 Antonio Rudiger
92%
Bayern Munich CM 90 Leon Goretzka
89%
Juventus CB 87 Leonardo Bonucci
87%
Napoli LW 89 Lorenzo Insigne
87%
Real Madrid CB 89 David Alaba
85%
Inter Milan ST 89 Lautaro Martinez
84%
Lille ST 87 Jonathan David
83%
Man City CAM 89 Phil Foden
82%
Sevilla CB 88 Jules Kounde
77%
Juventus ST 89 Federico Chiesa
65%
RB Leipzig CAM 89 Dani Olmo
60%
No matching quizzes found
Score Distribution
Percent of People with Each Score
Percentile by Number Answered
Your Score History
You have not taken this quiz since the last reset